|
|
|
|
| LEADER |
01159nam a2200265 i 4500 |
| 001 |
10095395 |
| 003 |
GR-PaULI |
| 005 |
20240321112532.0 |
| 008 |
230424s2022 gr g d gre d |
| 952 |
|
|
|0 0
|1 0
|2 ddc
|4 0
|6 842_914000000000000_KOL
|7 0
|9 371157
|a THST
|b THST
|d 2023-04-24
|i 017463
|l 0
|o 842.914 KOL
|p 025000300175
|r 2023-04-24 00:00:00
|t 1
|w 2023-04-24
|y BK15
|
| 999 |
|
|
|c 216513
|d 216513
|
| 020 |
|
|
|a 9789603355021
|
| 040 |
|
|
|a GR-PaULI
|c GR-PaULI
|b gre
|e AACR2
|
| 041 |
1 |
|
|a gre
|h fre
|
| 082 |
0 |
4 |
|a 842.914
|2 23
|
| 100 |
1 |
|
|9 102283
|a Koltes, Bernard-Marie,
|d 1948-1989
|4
|e συγγραφέας.
|
| 245 |
1 |
2 |
|a Η επιστροφή στην έρημο /
|c Μπερνάρ-Μαρί Κολτές ; μετάφραση Γιάννης Θηβαίος.
|
| 260 |
|
|
|a Αθήνα :
|b Ηριδανός,
|c 2022.
|
| 300 |
|
|
|a 105 σ. ;
|c 21 εκ.
|
| 500 |
|
|
|a Τίτλος πρωτοτύπου: Le retour au desert.
|
| 650 |
|
4 |
|9 101627
|a Γαλλικό δράμα
|y 20ός αιώνας
|
| 700 |
1 |
|
|a Θηβαίος, Γιάννης
|4
|e μεταφραστής.
|9 102287
|
| 765 |
|
|
|i Μετάφραση του:
|t Le retour au desert.
|
| 942 |
|
|
|2 ddc
|c BK15
|
| 998 |
|
|
|c ΜΑΝΙΑ
|d 2023-04
|